000 00640nam a2200193 i 4500
003 CL-SaCFP
005 20260218155148.0
008 231012s 000 0 spa
015 _acl-2023-xxxx
020 _a9789564150437
040 _cCL
099 _albh/20231012
100 1 _aGarretón, Óscar Guillermo
245 1 0 _aNotas de memoria :
_b1973-2023 /
_cÓscar Guillermo Garretón
250 _aSegunda edición : septiembre 2023
260 _aSantiago de Chile :
_bEditorial Catalonia Ltda.,
_c2023
_e([Santiago, Chile] :
_fSalesianos Impresores S.A.)
300 _a293 páginas :
_bilustraciones ;
_c23 cm.
942 _2ddc
_cLIBRO
999 _c16332
_d16332